000 01569 a2200229 4500
001 55590
005 20260407155829.0
008 260407a1978 arg spa d
003 AR-UNSa-BCEJYS
040 _aAR-UNSa-BCEJYS
_bspa
_cAR-UNSa-BCEJYS
080 _a330.101.8
_xClasificación y subdivisiones de la economía. Teórica, práctica. Pura, aplicada. General, especial. Relación de la economía con la teoría de la economía política. Interrelaciones de economía política, economía privada, economía de la empresa (economía comercial). Relación de la economía política general y especial. Economía sectorial
245 1 0 _aEconomía y administración
264 1 _aMéxico :
_bInteramericana
_c1978
300 _aviii, 583 p.
_c22 cm.
505 _a1. Usos y aplicaciones de la economía administrativa – 2. Técnicas de optimización – 3. Análisis de riesgos – 4. Teoría de la demanda – 5. Técnicas de la estimación de la demanda – 6. Teoría de la producción – 7. Programación lineal – 8. Teorías de costos – 9. Análisis empírico de costos – 10. La estructura del mercado y la teoría de los precios – 11. Prácticas de establecimiento de precios – 12. Reglamentos y leyes antimonopolistas – 13. Decisiones de inversión a largo plazo: presupuestos de capital – 14. Compañía westfall: un caso integrado de decisiones administrativas
041 _aspa
942 _cBK
590 _aniveau_biblio:m niveau_hierar:0
100 1 _aBrigham, Eugene F.
700 1 _aPappas, James L.
700 1 _aContin, Agustin
999 _c5962
_d5962